[Event "ITA-ch U16 Girls"]
[Site "Tarvisio"]
[Date "2014.07.02"]
[Round "5"]
[White "Capaliku, Margeri"]
[Black "Pistis, Laura"]
[Result "0-1"]
[WhiteElo "1377"]
[BlackElo "1401"]
[PlyCount "30"]
[EventDate "2014.06.29"]
[EventType "swiss"]
[EventRounds "9"]
[EventCountry "ITA"]
[SourceTitle "EXT 2015"]
[Source "ChessBase"]
[SourceDate "2014.11.20"]
[SourceVersion "1"]
[SourceVersionDate "2014.11.20"]
[SourceQuality "1"]

1. e4 c6 2. Nf3 d5 3. exd5 cxd5 4. d4 Nf6 5. Nc3 e6 6. Bd3 Bd6 7. Bg5 0-0 8. Qd2 Nc6 9. 0-0 Bd7 10. Rfe1 Rc8 11. Ne5 Be7 12. Re2 Nxd4 13. Bxh7+ Nxh7 14. Bxe7 Nxe2+ 15. Qxe2 Qxe7 0-1